Catálogo técnico planchas ZINC-CAP
Tallennettuna:
| Yhteisötekijät: | , |
|---|---|
| Aineistotyyppi: | Kirja |
| Kieli: | espanja |
| Julkaistu: |
Santiago
CAP
1990
|
| Aiheet: | |
| Tagit: |
Lisää tagi
Ei tageja, Lisää ensimmäinen tagi!
|
MARC
| LEADER | 00000nam a2200000 a 4500 | ||
|---|---|---|---|
| 001 | UCK0005 | ||
| 003 | CL-VaPUC | ||
| 008 | 040910e19900000CL |||||||||||||||||spa|d | ||
| 082 | 0 | 4 | |a 690.17 |b COM |2 21 |
| 110 | 2 | |a Compañía de Acero del Pacífico |e author |9 487936 | |
| 710 | 2 | |a CAP |e author |9 487937 | |
| 245 | 1 | 0 | |a Catálogo técnico planchas ZINC-CAP |
| 300 | |a 80 p | ||
| 942 | |c BK | ||
| 945 | |d 20040910 00:00:00 |a cmena | ||
| 260 | |a Santiago |b CAP |c 1990 | ||
| 650 | 7 | |a TECHOS |2 CL-VaPUC |9 363976 | |
| 650 | 0 | |a Elementos estructurales |9 350100 | |
| 650 | 0 | |a Materiales de construcción |9 260197 | |
| 650 | 0 | |a Resistencia de materiales |9 260095 | |
| 583 | |a last modification |c 20040910 00:00:00 |k Rodrigo Vera | ||
| 999 | |c 310593 |d 310591 | ||